000 00633nam a22002177a 4500
003 UA-OsUOA
001 68722
007 ta
008 20100514b un ||||| |||| 00| 0 ukr d
090 _a811.161(091)
_bР76
942 _cBK
040 _aUA-OsUOA
_brus
_cUA-OsUOA
_dUA-OsUOA
245 _aРоссійская грамматика Михайла Ломоносова 1755
300 _a210 с.
955 _a2
041 _arus
080 _a811.161(091)
260 _aСПб
_c1982
650 7 _a8 Мовознавство. Художня література. Літературознавство
_2UDC
999 _c354979
_d354979